| 000 | 00724nam a2200229 a 4500 | ||
|---|---|---|---|
| 001 | BRL_1291 | ||
| 005 | 20190320211130.0 | ||
| 008 | 271213s1960----mx-abo####---#000-0#spa-# | ||
| 041 | _aspa | ||
| 044 | _amx | ||
| 050 | 4 |
_aF1219.1.V47 _b.M43 1960 |
|
| 100 | 1 |
_aMedellín Zenil, Alfonso _924145 |
|
| 245 | 1 | 0 |
_aCerámicas del Totonacapan _bexploraciones arqueológicas en el centro de Veracruz _cAlfonso Medellín Zenil. |
| 260 |
_aXalapa, Veracruz _bUnviersidad Veracruzana _c1960 |
||
| 300 |
_a217 p. _bil., láminas, mapas _c24 cm. |
||
| 500 | _aAu1531 | ||
| 650 | 1 | 4 |
_aTotonacas _926402 |
| 650 | 1 | 4 |
_aCerámica indígena _zVeracruz _926403 |
| 651 | 4 |
_aVeracruz _xAntigüedades _926404 |
|
| 902 | _aGRL | ||
| 942 |
_2lcc _cB |
||
| 999 |
_c10103 _d10103 |
||